000 00826ngm a22002890a 4500
001 PT25728
003 AR-LpoUNG
005 20210202000405.0
007 vd cvaizq
008 191001s1960||||||||||||||||||||||||ger d
040 _aAR-LpoUNG
_bspa
_cAR-LpoUNG
_eaacr
041 _ager
044 _a|||
082 0 _a320.53 532luc
100 1 _aLeiser, Erwin
_edir.
245 1 0 _aMi lucha = Mein kampf
260 _as.l. :
_bs.n.,
_c[1960].
300 _aDVD (111 min.) : son., byn
505 0 _aHecha en 1960. - Diálogos en alemán. - Subtítulos en español.
520 _aUno de los primeros documentales alemanes sobre el nazismo, realizado en Suecia por un emigrado alemán.
653 _aCINE Y TOTALITARISMO
653 _aDVD
653 _aNAZISMO
653 _aVIDEOS
905 _a25728
942 _cDVD
999 _c54757
_d54757